000 nam a22 a 4500
999 _c2939
_d2939
003 AKMAL
005 20170518164741.0
008 170518s1994 my 00 may d
020 _a9676104396 (kkt.):
_cRM 10.00
040 _aAKMAL
_cAKMAL
049 _aklpmal
082 0 4 _a658 RAH
090 _a658
_bRAH
090 2 0 _a658
_bRAH
100 0 _aRahim Abdullah
_93626
245 1 _aAsas pengurusan /
_cRahim Abdullah
260 _aKuala Lumpur :
_bUtusan Publications & Distributors,
_c1994
300 _a182ms. :
_bil. ;
_c22cm
440 _aSiri pengurusan dan pentadbiran Utusan
_9480
504 _aBibliografi: ms. 179-182
650 _aManagement
_91462
942 _2ddc
_cBOOK